003470000a2200121000450000500170000010000200001724500400003726000710007730000110014804000080015936500120016765000460017920120302064634.0 a Ketkar, Kumar. a Katha Swatantryachi (Maharashtra ) aPune: Maharashtra Rajya PathyaPustak Nirmiti Va Abhyaskram , 1985. a345 p. amar bRs.23/- aItihas / Swatantrya Ladha / Swatantryachi